| 000 -LEADER |
| fixed length control field |
00682cam a2200217 i 4500 |
| 001 - CONTROL NUMBER |
| control field |
883951 |
| 005 - DATE AND TIME OF LATEST TRANSACTION |
| control field |
20180214084245.0 |
| 008 - FIXED-LENGTH DATA ELEMENTS--GENERAL INFORMATION |
| fixed length control field |
800708s1980 nyua b 001 0 eng |
| 010 ## - LIBRARY OF CONGRESS CONTROL NUMBER |
| LC control number |
80066865 |
| 020 ## - INTERNATIONAL STANDARD BOOK NUMBER |
| International Standard Book Number |
081445593X : |
| Terms of availability |
$12.95 |
| 040 ## - CATALOGING SOURCE |
| Original cataloging agency |
DLC |
| Transcribing agency |
DLC |
| Modifying agency |
DLC |
| 041 ## - LANGUAGE CODE |
| Language code of text/sound track or separate title |
eng |
| 080 ## - UNIVERSAL DECIMAL CLASSIFICATION NUMBER |
| Universal Decimal Classification number |
658.401 ELL |
| 082 00 - DEWEY DECIMAL CLASSIFICATION NUMBER |
| Classification number |
658.401 ELL |
| Edition number |
19 |
| 100 1# - Rafti |
| Rafti |
54 |
| 101 ## - Shkurtesa |
| Shkurtesa |
MEN |
| 245 10 - TITLE STATEMENT |
| Title |
Planning for nonplanners : |
| Statement of responsibility, etc |
Darryl J. Ellis, Peter P. Pekar, Jr. ; in cooperation with the North American Society for Corporate Planning. |
| 504 ## - BIBLIOGRAPHY, ETC. NOTE |
| Bibliography, etc |
Bibliography; p. [147]-148. |
| 906 ## - LOCAL DATA ELEMENT F, LDF (RLIN) |
| a |
7 |
| b |
cbc |
| c |
orignew |
| d |
u |
| e |
opcn |
| f |
19 |
| g |
y-gencatlg |
| 942 ## - ADDED ENTRY ELEMENTS (KOHA) |
| Source of classification or shelving scheme |
|
| Item type |
Books |